| 000 -LEADER |
| fixed length control field |
00819cam a22002774a 4500 |
| 001 - CONTROL NUMBER |
| control field |
12709188 |
| 005 - DATE AND TIME OF LATEST TRANSACTION |
| control field |
20180308035526.0 |
| 008 - FIXED-LENGTH DATA ELEMENTS--GENERAL INFORMATION |
| fixed length control field |
020318s2003 nyua b 001 0 eng |
| 010 ## - LIBRARY OF CONGRESS CONTROL NUMBER |
| LC control number |
2002004364 |
| 020 ## - INTERNATIONAL STANDARD BOOK NUMBER |
| International Standard Book Number |
0766825086 (soft cover/CDROM) |
| 035 ## - SYSTEM CONTROL NUMBER |
| System control number |
(DNLM)101140781 |
| 040 ## - CATALOGING SOURCE |
| Original cataloging agency |
DLC |
| Transcribing agency |
DLC |
| Modifying agency |
DLC |
| 041 ## - LANGUAGE CODE |
| Language code of text/sound track or separate title |
eng |
| 042 ## - AUTHENTICATION CODE |
| Authentication code |
pcc |
| 060 10 - NATIONAL LIBRARY OF MEDICINE CALL NUMBER |
| Classification number |
362.173 |
| Item number |
N974745 2003 |
| 080 ## - UNIVERSAL DECIMAL CLASSIFICATION NUMBER |
| Universal Decimal Classification number |
362.173 |
| 082 00 - DEWEY DECIMAL CLASSIFICATION NUMBER |
| Classification number |
362.173 HEI |
| Edition number |
21 |
| 100 1# - Rafti |
| Rafti |
53 |
| 101 ## - Shkurtesa |
| Shkurtesa |
MNG |
| 245 10 - TITLE STATEMENT |
| Title |
Nursing leadership & management / |
| Statement of responsibility, etc |
Patricia Kelly-Heidenthal. |
| 246 3# - VARYING FORM OF TITLE |
| Title proper/short title |
Nursing leadership and management |
| 504 ## - BIBLIOGRAPHY, ETC. NOTE |
| Bibliography, etc |
Includes bibliographical references and index. |
| 906 ## - LOCAL DATA ELEMENT F, LDF (RLIN) |
| a |
7 |
| b |
cbc |
| c |
orignew |
| d |
1 |
| e |
ecip |
| f |
20 |
| g |
y-gencatlg |
| 942 ## - ADDED ENTRY ELEMENTS (KOHA) |
| Source of classification or shelving scheme |
|
| Item type |
Books |